| 000 | 00331nam a22001217a 4500 | ||
|---|---|---|---|
| 008 | 230623b xxu||||| |||| 00| 0 eng d | ||
| 082 |
_a330.967 _bBAR 1961 |
||
| 100 | _cWilliam J. Barber | ||
| 245 | _aThe Economy of British Central Africa | ||
| 260 |
_aLondon _bOxford University Press _c1961 |
||
| 300 | _aXII,267p | ||
| 942 |
_2ddc _cBK |
||
| 999 |
_c2546 _d2546 |
||